Normal view
MARC view
- Malik Muhammad Ahmad Hafiz M. Farooq Nasir Ali Muhammad
Entry Personal Name
001 - CONTROL NUMBER
- control field: 100376
003 - CONTROL NUMBER IDENTIFIER
- control field: NUST
005 - DATE AND TIME OF LATEST TRANSACTION
- control field: 20221017093803.0
008 - FIXED-LENGTH DATA ELEMENTS
- fixed length control field: 221017|| aca||aabn | a|a d
040 ## - CATALOGING SOURCE
- Original cataloging agency: NUST
- Transcribing agency: NUST
100 ## - HEADING--PERSONAL NAME
- Personal name: Malik Muhammad Ahmad Hafiz M. Farooq Nasir Ali Muhammad
670 ## - SOURCE DATA FOUND
- Source citation: Work cat.: (NUST): Malik Muhammad Ahmad Hafiz M. Farooq Nasir Ali Muhammad , PR-SOF-2145- Sensing Human Arm Movements, 2022.
